Statistics for H Answers Quiz #1

Click here to take the quiz!

General Stats

  • This quiz has been taken 74,294 times
    (37,596 since last reset)
  • The average score is 18 of 24

Answer Stats

ClueAnswer% Correct
50th U.S. stateHawaii
95%
City destroyed by an atomic bombHiroshima
93%
The lightest elementHydrogen
93%
Ivy League universityHarvard
91%
Most popular Indian religionHinduism
91%
Greek god of the underworldHades
88%
London's main airportHeathrow
84%
Israeli languageHebrew
84%
Country north of NicaraguaHonduras
83%
Bilbo or Frodo, for exampleHobbit
82%
Capital of VietnamHanoi
81%
Weapon used by whalersHarpoon
81%
Germany's second biggest cityHamburg
80%
Large Dam near Las VegasHoover
78%
Location of NASA mission controlHouston
78%
New York riverHudson
78%
Seven-sided polygonHeptagon
75%
Shakespearean Prince of DenmarkHamlet
71%
General who crossed the Alps
with elephants
Hannibal
63%
Annual pilgramage to MeccaHajj
55%
First name of Admiral NelsonHoratio
53%
Main ethnic group of RwandaHutu
46%
Political party that rules GazaHamas
45%
Physicist who formulated the
uncertainty principle
Heisenberg
31%

Score Distribution

Percentile by Number Answered

Percent of People with Each Score

Your Score History

You have not taken this quiz since the last reset